| 000 | 00613nam a22001937a 4500 | ||
|---|---|---|---|
| 999 |
_c2891 _d2891 |
||
| 003 | AR-CdUCM | ||
| 008 | 190227b ||||| |||| 00| 0 spa d | ||
| 040 |
_aMUNICIPALIDAD PROVINCIAL DEL CUSCO _cBIBLIOTECA MUNICIPAL DEL CUSCO |
||
| 082 |
_a869.4018 / _bCH75 |
||
| 100 |
_aChoque Mata, Jaime _99968 |
||
| 245 |
_aCancionero de cóndores : _bpoemas 1963-1966 / _cJaime Choque |
||
| 260 |
_aLa Paz : _bGesta Barbara, _c1967. |
||
| 300 |
_a148 páginas ; _c18 cm. |
||
| 650 |
_aPoesía boliviana _92577 |
||
| 650 |
_aLiteratura Latinoamericana _9799 |
||
| 650 |
_aBolivia _91138 |
||
| 942 |
_2ddc _cLIBROS |
||
| 945 | _arac | ||